Miasta w Polsce na literę P - Statystyki

Ogólne statystyki
  • Ten quiz został rozwiązany 1 001 razy
  • Średni wynik to 20 z 78
Statystyki odpowiedzi
Ludność Miasto Województwo % Poprawnych
532 048 Poznań Wielkopolskie
97%
118 268 Płock Mazowieckie
79%
71 846 Piła Wielkopolskie
77%
72 250 Piotrków Trybunalski Łódzkie
71%
59 779 Przemyśl Podkarpackie
65%
63 945 Pabianice Łódzkie
64%
62 623 Pruszków Mazowieckie
64%
46 664 Puławy Lubelskie
53%
48 450 Piaseczno Mazowieckie
50%
54 860 Piekary Śląskie Śląskie
50%
32 034 Police Zachodniopomorskie
48%
22 256 Płońsk Mazowieckie
46%
11 089 Puck Pomorskie
45%
19 448 Pułtusk Mazowieckie
42%
22 486 Polkowice Dolnośląskie
40%
2 721 Pruszcz Kujawsko-Pomorskie
40%
17 228 Przasnysz Mazowieckie
37%
25 622 Pszczyna Śląskie
37%
19 386 Pisz Warmińsko-Mazurskie
35%
31 822 Pruszcz Gdański Pomorskie
35%
21 170 Prudnik Opolskie
34%
17 356 Pleszew Wielkopolskie
31%
15 452 Przeworsk Podkarpackie
31%
10 648 Parczew Lubelskie
27%
22 617 Piastów Mazowieckie
26%
10 946 Pińczów Świętokrzyskie
26%
12 435 Pyrzyce Zachodniopomorskie
26%
18 846 Pionki Mazowieckie
25%
6 651 Pajęczno Łódzkie
24%
12 298 Pasłęk Warmińsko-Mazurskie
23%
4 532 Pilawa Mazowieckie
23%
1 920 Pilica Śląskie
23%
7 374 Poddębice Łódzkie
23%
6 307 Polanica-Zdrój Dolnośląskie
23%
1 908 Piątek Łódzkie
21%
8 020 Połczyn-Zdrój Zachodniopomorskie
20%
8 710 Prabuty Pomorskie
20%
5 983 Proszowice Małopolskie
20%
4 426 Piotrków Kujawski Kujawsko-Pomorskie
19%
6 008 Przysucha Mazowieckie
19%
16 717 Pyskowice Śląskie
19%
1 117 Pacanów Świętokrzyskie
18%
8 065 Pelplin Pomorskie
18%
8 023 Połaniec Świętokrzyskie
18%
2 690 Prószków Opolskie
18%
2 573 Piaski Lubelskie
17%
7 747 Pniewy Wielkopolskie
16%
9 778 Puszczykowo Wielkopolskie
16%
5 676 Pakość Kujawsko-Pomorskie
15%
4 892 Pilzno Podkarpackie
15%
8 980 Poniatowa Lubelskie
15%
3 187 Pyzdry Wielkopolskie
15%
5 860 Piwniczna-Zdrój Małopolskie
14%
9 123 Pobiedziska Wielkopolskie
14%
7 631 Paczków Opolskie
13%
2 802 Pieniężno Warmińsko-Mazurskie
13%
3 874 Podkowa Leśna Mazowieckie
13%
8 480 Poręba Śląskie
13%
13 844 Pszów Śląskie
13%
2 946 Polanów Zachodniopomorskie
12%
7 791 Praszka Opolskie
12%
3 577 Prochowice Dolnośląskie
12%
3 513 Przedbórz Łódzkie
11%
6 091 Przemków Dolnośląskie
11%
3 998 Płoty Zachodniopomorskie
10%
2 549 Pasym Warmińsko-Mazurskie
9%
2 098 Pogorzela Wielkopolskie
9%
3 743 Pruchnik Podkarpackie
9%
6 156 Piechowice Dolnośląskie
8%
7 095 Pieszyce Dolnośląskie
8%
6 394 Piława Górna Dolnośląskie
8%
2 241 Prusice Dolnośląskie
8%
1 726 Przedecz Wielkopolskie
8%
5 763 Pieńsk Dolnośląskie
7%
1 766 Przecław Podkarpackie
7%
2 621 Pełczyce Zachodniopomorskie
6%
2 841 Poniec Wielkopolskie
6%
1 069 Pierzchnica Śląskie
4%
Nie znaleziono quizów pasujących do podanych kryteriów
Rozkład punktacji
Procent ludzi z każdym wynikiem
Percentyl według liczby udzielonych odpowiedzi
Twoja historia wyników
Nie rozwiązałeś tego quizu